000 00728cam a2200241 a 4500
001 000004844
003 DO-SdBNP
005 20211112142031.0
008 940304s1990 sp 001 p spa
020 _a8476005156
040 _aDO-SdBNP
_cBNPHU
_bspa
082 4 _a861.64
_bL579n
_222
100 1 _aLeón Felipe,
_d1884-1968.
_914056
245 1 0 _aNueva antología rota /
_cLeón Felipe.
260 _aMadrid :
_bAkal,
_c1990.
300 _a242 p. ;
_c18 cm.
490 1 _aAkal bolsillo
_vno. 193
650 4 _aPoesía española
_ySiglo XX
_vColecciones
_914057
650 4 _aLiteratura española
_ySiglo XX
_93326
830 0 _aAkal bolsillo ;
_vno. 193.
_914058
910 _aCatalogación por copia / LC
942 _2ddc
_cLBS1
999 _c4650
_d4650